00978nam a2200229Ia 4500003000900000008004100009020001800050040001600068080002100084111012800105245029000233260005800523300002300581650002300604650000900627650002300636650000800659650001000667700002500677700002500702700002100727IN-BaIIA211028s9999 xx 000 0 eng d a0-937707-92-9 cIIA Library a082.2:52bASP-73 aAirborne Astronomy Symposium on the Galactic Ecosystem, From Gas To Stars To DustcMoffett Field, Californiad1994 July 5-8 0aAirborne Astronomy Symposium on the galactic ecosystembproceedings of the airborne Astronomy Symposium on the galactic ecosystem, from gas to Stars to dust, held in Moffett Field, California, USA, 5-8 Jul 1994cedited by Michael R. Haas, Jacqueline A. Davidson, and Edwin F. Erickson. aCaliforniabAstronomical Society of the Pacificc1995 a[various pagings.] aAirborne Astronomy aDust aGalactic ecosystem aGas aStars aDavidson, J. A., ed. aErickson, E. F., ed. aHass, M. R., ed.